[Event "CRO-chT"]
[Site "Medulin"]
[Date "1997.??.??"]
[Round "?"]
[White "Kurajica, Bojan"]
[Black "Sermek, Drazen"]
[Result "1/2-1/2"]
[WhiteElo "2545"]
[BlackElo "2575"]
[PlyCount "63"]
[EventDate "1997.??.??"]
[Source "www.chesslib.no"]
[SourceDate "2004.05.04"]

1. d4 c5 2. e3 d5 3. Nf3 Nf6 4. b3 Nc6 5. Bb2 cxd4 6. exd4 Bg4 7. h3 Bh5 8. g4 Bg6 9. Ne5 Qa5+ 10. Qd2 Qb6 11. f3 e6 12. h4 Rc8 13. Nxc6 Qxc6 14. Na3 Bxa3 15. Bxa3 h5 16. g5 Ng8 17. c4 dxc4 18. bxc4 Qxf3 19. Rh3 Qe4+ 20. Kf2 Ne7 21. Bg2 Qg4 22. Rg3 Qf5+ 23. Rf3 Qe4 24. Bxe7 Qxh4+ 25. Kg1 Kxe7 26. Rf4 Qg3 27. Qb4+ Ke8 28. Raf1 Rc7 29. Qd6 Be4 30. R1f2 Bxg2 31. Rxg2 Qe3+ 32. Rgf2 1/2-1/2

[Event "CRO-Cup"]
[Site "Pula"]
[Date "1997.??.??"]
[Round "?"]
[White "Kurajica, Bojan"]
[Black "Sermek, Drazen"]
[Result "1-0"]
[WhiteElo "2545"]
[BlackElo "2575"]
[PlyCount "81"]
[EventDate "1997.??.??"]
[Source "www.chesslib.no"]
[SourceDate "2004.05.04"]

1. d4 c5 2. e3 d5 3. Nf3 Nf6 4. dxc5 e6 5. c4 Bxc5 6. Nbd2 O-O 7. a3 a5 8. Bd3 Nc6 9. O-O Qe7 10. b3 Rd8 11. Bb2 d4 12. exd4 Nxd4 13. Re1 b6 14. Nxd4 Bxd4 15. Bxd4 Rxd4 16. Nf3 Rd8 17. Qc2 Bb7 18. Ne5 Rac8 19. Qb2 Nd7 20. Bf1 Nxe5 21. Qxe5 Rd2 22. Qe3 Qd6 23. Rab1 Rd4 24. b4 axb4 25. axb4 g6 26. c5 Qd5 27. cxb6 Rc6 28. b5 Rxb6 29. f3 Kg7 30. Rbc1 g5 31. Qc3 Rd6 32. Qc7 Rd2 33. Re4 Ra2 34. h4 Qd2 35. Rg4 Bxf3 36. Rxg5+ Kh6 37. Qc5 Rb2 38. Rg3 Be4 39. Rc4 f5 40. Qe5 Qf2+ 41. Kh2 1-0

[Event "CUB-ch"]
[Site "Matanzas"]
[Date "1997.??.??"]
[Round "10"]
[White "Arencibia, Walter"]
[Black "Rodriguez Cespedes, Amador"]
[Result "1/2-1/2"]
[WhiteElo "2560"]
[BlackElo "2555"]
[PlyCount "23"]
[EventDate "1997.03.15"]
[Source "ChessBase"]

1. d4 d5 2. Nf3 Nf6 3. e3 Bg4 4. Be2 e6 5. O-O c5 6. b3 Nc6 7. Bb2 cxd4 8. Nxd4 Bxe2 9. Qxe2 Nxd4 10. Bxd4 Be7 11. Nd2 O-O 12. c4 1/2-1/2

[Event "Capablanca mem-A"]
[Site "Cuba"]
[Date "1993.??.??"]
[Round "1"]
[White "Nogueiras, Jesus"]
[Black "Magem Badals, Jordi"]
[Result "1-0"]
[WhiteElo "2570"]
[BlackElo "2510"]
[PlyCount "51"]
[EventDate "1993.??.??"]
[Source "ChessBase"]

1. d4 d5 2. Nf3 Nf6 3. e3 c5 4. dxc5 e6 5. a3 Bxc5 6. b4 Be7 7. Bb2 a5 8. b5 Nbd7 9. c4 O-O 10. Nbd2 Nb6 11. Rc1 dxc4 12. Bxc4 Bd7 13. a4 Rc8 14. O-O Nfd5 15. Qb3 Bf6 16. Ne5 Be7 17. Rfd1 Bb4 18. Ndf3 f5 19. Rxd5 exd5 20. Bxd5+ Nxd5 21. Qxd5+ Kh8 22. Rxc8 Qxc8 23. Nxd7 Qc2 24. g3 Rg8 25. Ng5 h6 26. Nf6 1-0

[Event "Bartis Memorial A 9198"]
[Site "Bartis Memorial A 9198"]
[Date "1995.??.??"]
[Round "?"]
[White "Jensen, Ib"]
[Black "Khasin, Abram Yosifovich"]
[Result "0-1"]
[WhiteElo "2425"]
[BlackElo "2650"]
[PlyCount "54"]
[EventDate "1995.??.??"]
[Source "www.chesslib.no"]
[SourceDate "2004.05.04"]

1. d4 Nf6 2. Nf3 d5 3. e3 g6 4. Be2 Bg7 5. O-O O-O 6. b4 b6 7. Nbd2 c5 8. bxc5 bxc5 9. Ba3 Ne4 10. Nxe4 dxe4 11. Ne5 Qc7 12. f4 cxd4 13. Qxd4 Nd7 14. Qc4 Bxe5 15. fxe5 Qxe5 16. Rad1 Nb6 17. Qd4 Qxd4 18. Rxd4 Be6 19. Rxe4 Rac8 20. Rc1 Rfd8 21. Ba6 Rc7 22. Bb4 Rb8 23. c4 Nd5 24. Bd2 Nb4 25. Bb5 Nd3 26. Rd1 Nc5 27. Re5 Rd8 0-1

[Event "chT Tuc"]
[Site "chT Makarska Tuc"]
[Date "1995.??.??"]
[Round "?"]
[White "Kovacevic, Vlatko"]
[Black "Palac, Mladen"]
[Result "1/2-1/2"]
[WhiteElo "2520"]
[BlackElo "2545"]
[PlyCount "90"]
[EventDate "1995.??.??"]
[Source "www.chesslib.no"]
[SourceDate "2004.05.04"]

1. d4 Nf6 2. Nf3 d5 3. e3 g6 4. Be2 Bg7 5. O-O O-O 6. Nbd2 b6 7. c3 Bb7 8. a4 a5 9. Ne5 Nfd7 10. f4 f6 11. Nd3 e6 12. b4 Re8 13. Qb3 Kh8 14. Bf3 f5 15. Ba3 Nf6 16. Ne5 Kg8 17. bxa5 Rxa5 18. Bb4 Ra8 19. a5 Nbd7 20. axb6 cxb6 21. Be2 Qc7 22. Bb5 Rec8 23. h3 Nb8 24. Rxa8 Bxa8 25. Ra1 Bc6 26. Be2 Nbd7 27. Ra6 Nb8 28. Ra3 Be8 29. Qa2 Nc6 30. Nxc6 Qxc6 31. Ra7 Rc7 32. Nf3 Rxa7 33. Qxa7 Nd7 34. Ba6 Bf8 35. Bb7 Qc7 36. Qa2 Nf6 37. Qb2 Qc8 38. Qb3 Qd7 39. Qb1 Nh5 40. Qe1 Bf7 41. Qg3 e5 42. Bd6 exd4 43. Ne5 Qxd6 44. Qe1 Qc7 45. Ba6 Qd7 1/2-1/2

[Event "CRO Team Ch"]
[Site "Makarska Tucepi"]
[Date "1995.??.??"]
[Round "?"]
[White "Kovacevic, Vlatko"]
[Black "Palac, Mladen"]
[Result "1/2-1/2"]
[WhiteElo "2520"]
[BlackElo "2545"]
[PlyCount "90"]
[EventDate "1995.??.??"]
[Source "www.chesslib.no"]
[SourceDate "2004.05.04"]

1. d4 Nf6 2. Nf3 d5 3. e3 g6 4. Be2 Bg7 5. O-O O-O 6. Nbd2 b6 7. c3 Bb7 8. a4 a5 9. Ne5 Nfd7 10. f4 f6 11. Nd3 e6 12. b4 Re8 13. Qb3 Kh8 14. Bf3 f5 15. Ba3 Nf6 16. Ne5 Kg8 17. bxa5 Rxa5 18. Bb4 Ra8 19. a5 Nbd7 20. axb6 cxb6 21. Be2 Qc7 22. Bb5 Rec8 23. h3 Nb8 24. Rxa8 Bxa8 25. Ra1 Bc6 26. Be2 Nbd7 27. Ra6 Nb8 28. Ra3 Be8 29. Qa2 Nc6 30. Nxc6 Qxc6 31. Ra7 Rc7 32. Nf3 Rxa7 33. Qxa7 Nd7 34. Ba6 Bf8 35. Bb7 Qc7 36. Qa8 Nf6 37. Qc8 Qxc8 38. Bxc8 Bd7 39. Ba6 Bxb4 40. cxb4 Kf8 41. Ne5 Ke7 42. Bd3 Ne8 43. g4 Nd6 44. g5 Bb5 45. Bc2 Nc4 1/2-1/2

[Event "Valle d'Aosta op 9th"]
[Site "Saint Vincent"]
[Date "2001.02.10"]
[Round "8"]
[White "Ortega, Lexy"]
[Black "Fominyh, Alexander"]
[Result "0-1"]
[WhiteElo "2472"]
[BlackElo "2582"]
[PlyCount "69"]
[EventDate "2001.02.03"]
[Source "ChessBase"]
[SourceDate "2001.03.08"]

1. d4 Nf6 2. Nf3 c5 3. e3 d5 4. c4 cxd4 5. exd4 g6 6. Nc3 Bg7 7. Qb3 dxc4 8. Bxc4 O-O 9. d5 Nbd7 10. Qd1 Nb6 11. Bb3 Qd6 12. O-O Rd8 13. Ng5 Bf5 14. Qf3 Bg4 15. Nce4 Bxf3 16. Nxd6 Rxd6 17. gxf3 Nfxd5 18. a4 Rc8 19. a5 Nc4 20. Rd1 e6 21. Ne4 Rdc6 22. Bd2 Bxb2 23. Ra2 Nxd2 24. Rxd2 Rc1+ 25. Rd1 Rxd1+ 26. Bxd1 Bc3 27. Be2 Rc6 28. Bb5 Rc7 29. a6 bxa6 30. Rxa6 Bd4 31. Rc6 Rb7 32. Nd6 Rb8 33. Rc8+ Rxc8 34. Nxc8 Bc5 35. Kf1 0-1

[Event "22nd GP Open A"]
[Site "Le Touquet FRA"]
[Date "2007.10.31"]
[Round "6"]
[White "Eliet, N."]
[Black "Savchenko, S."]
[Result "1/2-1/2"]
[WhiteElo "2447"]
[BlackElo "2604"]
[PlyCount "39"]
[EventDate "2007.10.27"]
[Source "www.chesslib.no"]
[SourceDate "2004.05.04"]

1. d4 d5 2. Nf3 Nf6 3. e3 c6 4. Bd3 Bg4 5. c4 e6 6. Qb3 Qc7 7. Ne5 Bh5 8. Nc3 Nbd7 9. f4 Bg6 10. Nxg6 hxg6 11. Bd2 Be7 12. Rc1 dxc4 13. Bxc4 Rd8 14. Be2 Nb6 15. Bf3 Nbd5 16. Ne2 Qb6 17. Qxb6 axb6 18. a3 b5 19. Kf2 Nd7 20. Rc2 1/2-1/2

[Event "Novi Sad"]
[Site "Novi Sad"]
[Date "1984.??.??"]
[Round "?"]
[White "Kovacevic, Vlatko"]
[Black "Kurajica, Bojan"]
[Result "1/2-1/2"]
[WhiteElo "2510"]
[BlackElo "2530"]
[PlyCount "50"]
[EventDate "1984.10.??"]
[Source "ChessBase"]

1. d4 Nf6 2. Nf3 d5 3. e3 c5 4. Nbd2 g6 5. dxc5 Bg7 6. a3 a5 7. Rb1 a4 8. Nd4 Qc7 9. b4 axb3 10. cxb3 Qxc5 11. Bb2 O-O 12. Rc1 Qb6 13. Qc2 Na6 14. Be2 Bd7 15. O-O Rfc8 16. Qb1 Nc5 17. b4 Nce4 18. Nxe4 Nxe4 19. Rxc8+ Rxc8 20. Rc1 Ra8 21. Qc2 Rc8 22. Qd1 Ra8 23. Bf3 Qd6 24. Be2 Qb6 25. Qc2 Rc8 1/2-1/2

[Event "Ubeda op"]
[Site "Ubeda"]
[Date "1996.??.??"]
[Round "?"]
[White "Kozul, Zdenko"]
[Black "Kacheishvili, Giorgi"]
[Result "0-1"]
[WhiteElo "2580"]
[BlackElo "2460"]
[PlyCount "68"]
[EventDate "1996.01.??"]
[Source "ChessBase"]

1. Nf3 d5 2. e3 c5 3. d4 Nf6 4. dxc5 e6 5. a3 Bxc5 6. b4 Bd6 7. Bb2 Qe7 8. Nbd2 Nbd7 9. c4 dxc4 10. Nxc4 Bc7 11. Nd4 Nb6 12. Na5 O-O 13. Bd3 a6 14. O-O Rd8 15. Qf3 Na4 16. Ndc6 bxc6 17. Nxc6 Qd6 18. Be5 Qxd3 19. Ne7+ Kf8 20. Bxc7 Qe4 21. Qxe4 Nxe4 22. Bxd8 Bb7 23. Bc7 Kxe7 24. f3 Nd2 25. Rf2 Nc4 26. Rc1 Nxe3 27. Be5 Kf8 28. Rc7 Bc8 29. Bd6+ Kg8 30. Re7 f6 31. Re2 Nf5 32. Re8+ Kf7 33. Rf8+ Kg6 34. Rxe6 Nb6 0-1

[Event "ADCF Masters"]
[Site "Abu Dhabi"]
[Date "2003.08.16"]
[Round "1"]
[White "Adly, Ahmed"]
[Black "Vladimirov, Evgeny"]
[Result "0-1"]
[WhiteElo "2429"]
[BlackElo "2606"]
[PlyCount "108"]
[EventDate "2003.08.16"]
[Source "Roberto Alvarez"]
[SourceDate "2003.09.01"]

1. d4 d5 2. Nf3 Nf6 3. e3 c5 4. b3 Nc6 5. Bb2 Bg4 6. Nbd2 cxd4 7. exd4 e6 8. Be2 Bd6 9. Ne5 Bf5 10. O-O Qc7 11. f4 Nb4 12. a3 Qxc2 13. axb4 Qxb2 14. Ndc4 dxc4 15. Nxc4 Qc3 16. Nxd6+ Ke7 17. Nxf5+ exf5 18. Rf3 Qxb4 19. Re3+ Kf8 20. Bf3 g6 21. Rc1 Qb6 22. Rc4 Rd8 23. Qd2 Kg7 24. Rb4 Qa5 25. Re5 Nd5 26. Bxd5 Rxd5 27. Qe1 b6 28. h3 Rc8 29. Re7 Rc1 30. Qxc1 Qxb4 31. Qc7 Qxd4+ 32. Kh2 Qf6 33. Qxa7 Rd3 34. Rb7 Rxb3 35. Qb8 Qh4 36. Rxb6 Rxb6 37. Qxb6 Qxf4+ 38. Kh1 Qe5 39. Qf2 f4 40. Qf1 Kh6 41. Qc1 Kg7 42. Qf1 h5 43. Qd1 Kh6 44. Qc1 Qe3 45. Qf1 Kg5 46. Qb1 Kh4 47. Kh2 f6 48. Qa1 Kg5 49. Qf1 Qg3+ 50. Kh1 Qe3 51. Qb5+ Kh4 52. Qf1 Kg3 53. Qb1 g5 54. Qd1 f3 0-1

[Event "Sarajevo"]
[Site "Sarajevo"]
[Date "1988.??.??"]
[Round "?"]
[White "Kovacevic, Vlatko"]
[Black "Dorfman, Josif D"]
[Result "1/2-1/2"]
[WhiteElo "2515"]
[BlackElo "2520"]
[PlyCount "24"]
[EventDate "1988.03.??"]
[Source "ChessBase"]

1. d4 Nf6 2. Nf3 d5 3. e3 c6 4. Bd3 Bg4 5. Nbd2 e6 6. c4 Nbd7 7. h3 Bh5 8. O-O Be7 9. cxd5 exd5 10. Qb3 Qb6 11. Nh4 Bg6 12. Nxg6 hxg6 1/2-1/2

[Event "34th Olympiad, Istanbul TUR"]
[Site "?"]
[Date "2000.??.??"]
[Round "6"]
[White "Adianto, U."]
[Black "Salmensuu, O."]
[Result "1-0"]
[WhiteElo "2580"]
[BlackElo "2455"]
[PlyCount "55"]
[EventDate "2000.??.??"]
[Source "www.chesslib.no"]
[SourceDate "2004.05.04"]

1. d4 Nf6 2. Nf3 c5 3. e3 d5 4. c4 cxd4 5. exd4 g6 6. Nc3 Bg7 7. Qb3 O-O 8. cxd5 Nbd7 9. Bc4 Nb6 10. O-O a5 11. Bf4 a4 12. Qb5 Bd7 13. Qb4 Bg4 14. Ne5 Bf5 15. Bg3 a3 16. b3 Ne4 17. Nxe4 Bxe4 18. Rfe1 Bxd5 19. Bxd5 Nxd5 20. Qxb7 e6 21. Rac1 Qa5 22. Re2 Nc3 23. Rec2 Bh6 24. Nc6 Qh5 25. Rxc3 Bxc1 26. Ne7+ Kh8 27. Be5+ f6 28. Bxf6+ 1-0

[Event "JUG-ch"]
[Site "JUG"]
[Date "1989.??.??"]
[Round "?"]
[White "Kovacevic, Vlatko"]
[Black "Cabrilo, Goran"]
[Result "0-1"]
[WhiteElo "2545"]
[BlackElo "2480"]
[PlyCount "86"]
[EventDate "1989.02.??"]
[Source "ChessBase"]

1. d4 c5 2. e3 d5 3. Nf3 Nf6 4. Nbd2 cxd4 5. exd4 Bf5 6. Ne5 Nbd7 7. g4 Nxe5 8. gxf5 Nc6 9. c3 g6 10. Bd3 Bh6 11. Qf3 Qd6 12. Qh3 Nh5 13. Be2 Bxd2+ 14. Bxd2 Nf4 15. Bxf4 Qxf4 16. fxg6 fxg6 17. O-O O-O 18. Rad1 Rf5 19. Rd3 Raf8 20. Bg4 Rg5 21. Rg3 h5 22. Be6+ Kg7 23. Qg2 Rxg3 24. hxg3 Qd2 25. Qxd5 Qxb2 26. Qc5 Rf3 27. Qg5 Qxc3 28. d5 Qc5 29. Kg2 Rf6 30. Qd2 Qd4 31. Qxd4 Nxd4 32. Rc1 Nxe6 33. dxe6 Rxe6 34. Rc7 Kf6 35. Rxb7 Ra6 36. Rb2 Ra3 37. Rc2 e5 38. Kh3 g5 39. Rc6+ Kf5 40. Rc2 h4 41. Re2 a5 42. Kg2 hxg3 43. fxg3 e4 0-1

[Event "Torshavn op 3rd"]
[Site "Torshavn"]
[Date "2000.10.07"]
[Round "2"]
[White "Stefansson, Hannes"]
[Black "Salmensuu, Olli"]
[Result "1-0"]
[WhiteElo "2557"]
[BlackElo "2458"]
[PlyCount "101"]
[EventDate "2000.10.06"]
[Source "ChessBase"]
[SourceDate "2000.11.10"]

1. d4 Nf6 2. Nf3 c5 3. e3 d5 4. c4 cxd4 5. exd4 g6 6. Nc3 Bg7 7. Bg5 Ne4 8. cxd5 Nxg5 9. Nxg5 Qb6 10. Bb5+ Bd7 11. Bxd7+ Nxd7 12. O-O O-O 13. Re1 Qxb2 14. Re3 Nb6 15. Rb1 Qa3 16. Rb3 Qd6 17. Nge4 Qd8 18. Qf3 Bxd4 19. Rd3 Be5 20. h4 Rc8 21. g3 Rc4 22. a4 Nxa4 23. Nxa4 Rxa4 24. Rxb7 Ra1+ 25. Kg2 a5 26. d6 exd6 27. Nxd6 Bxd6 28. Qc6 Qa8 29. Rxd6 Rc1 30. Qb6 Qe8 31. Qe3 Qc8 32. Ra7 Ra1 33. h5 Qc4 34. Qf3 Qf1+ 35. Kh2 Qg1+ 36. Kh3 Qf1+ 37. Kh2 Qg1+ 38. Kh3 Ra3 39. Qg2 Qc1 40. Qd5 Qf1+ 41. Qg2 Qe2 42. Rd5 a4 43. Rda5 Kg7 44. f3 Qe6+ 45. g4 Ra2 46. Qg3 Qb3 47. Qf4 Kg8 48. Ra8 Qb2 49. Rxf8+ Kxf8 50. Qd6+ Kg7 51. h6+ 1-0

[Event "It (Open) Dubai UAE"]
[Site "?"]
[Date "2006.04.25"]
[Round "3"]
[White "Simonenko Sergei"]
[Black "Kacheishvili Giorgi"]
[Result "0-1"]
[WhiteElo "2409"]
[BlackElo "2605"]
[PlyCount "121"]
[EventDate "2006.??.??"]
[Source "www.chesslib.no"]
[SourceDate "2004.05.04"]

1. d4 Nf6 2. Nf3 d5 3. e3 c5 4. dxc5 e6 5. a3 a5 6. c4 Bxc5 7. Nc3 Nc6 8. Be2 O-O 9. O-O dxc4 10. Bxc4 Qe7 11. Qc2 Bd7 12. b3 Bd6 13. Nb5 Ne5 14. Nxd6 Nxf3+ 15. gxf3 Qxd6 16. Bb2 Bc6 17. Be2 Qd5 18. e4 Qh5 19. Kh1 Rac8 20. Rg1 e5 21. Qd2 Nxe4 22. Qe3 Nd6 23. Rg5 Qh6 24. Rxe5 Qxe3 25. fxe3 a4 26. bxa4 Nc4 27. Bxc4 Bxf3+ 28. Kg1 Rxc4 29. Rc1 Rxc1+ 30. Bxc1 Rc8 31. Kf2 f6 32. Rb5 Be4 33. Bd2 Rc2 34. Ke2 Ra2 35. Rb4 f5 36. h4 Rxa3 37. a5 h6 38. Rb6 Bc6 39. Rb4 Kf7 40. Rd4 Kg6 41. Kf2 Kh5 42. Kg3 g6 43. Rd6 Ra4 44. Be1 Rxh4 45. a6 Ra4 46. axb7 Bxb7 47. Bc3 Rg4+ 48. Kf2 Kh4 49. Be5 Kh3 50. Bf4 h5 51. Rd7 Rg2+ 52. Ke1 Ba6 53. Ra7 Bd3 54. Rd7 Rg1+ 55. Kd2 Be4 56. Rg7 Rg4 57. Ke2 Kg2 58. Ra7 g5 59. Be5 h4 60. Ra2 Kh3 61. Rb2 0-1

[Event "Salona"]
[Site "Solin/Split"]
[Date "2001.12.08"]
[Round "1"]
[White "Kovacevic, Vlatko"]
[Black "Stevic, Hrvoje"]
[Result "1-0"]
[WhiteElo "2499"]
[BlackElo "2511"]
[PlyCount "71"]
[EventDate "2001.12.08"]
[Source "ChessBase"]
[SourceDate "2002.03.21"]

1. d4 Nf6 2. Nf3 c5 3. e3 d5 4. Nbd2 Nc6 5. Bb5 e6 6. O-O Be7 7. b3 O-O 8. Bb2 a6 9. Bxc6 bxc6 10. dxc5 Bxc5 11. c4 Bb7 12. Qc2 Qe7 13. e4 Rfd8 14. Rad1 Rac8 15. e5 Nd7 16. Ne1 a5 17. Nd3 Bb6 18. Kh1 Ba6 19. f4 Nc5 20. Ba3 Qa7 21. Nf2 Nd7 22. Nh3 Bc5 23. Ng5 Nf8 24. Bxc5 Qxc5 25. f5 h6 26. fxe6 hxg5 27. exf7+ Kh8 28. Qf5 Qe7 29. Qh3+ Nh7 30. e6 dxc4 31. Nf3 Rxd1 32. Rxd1 Rd8 33. Re1 g6 34. Ne5 Kg7 35. Nxc6 g4 36. Qc3+ 1-0

[Event "La Perla Open"]
[Site "Lugano SUI"]
[Date "2000.03.12"]
[Round "6"]
[White "Djuric, S."]
[Black "Horvath, Cs"]
[Result "1/2-1/2"]
[WhiteElo "2491"]
[BlackElo "2519"]
[PlyCount "100"]
[EventDate "2000.03.09"]
[Source "www.chesslib.no"]
[SourceDate "2004.05.04"]

1. Nf3 d5 2. d4 Nf6 3. e3 c5 4. c3 Nbd7 5. Nbd2 g6 6. dxc5 Nxc5 7. b4 Ncd7 8. Bb2 Bg7 9. c4 O-O 10. Be2 dxc4 11. Nxc4 b6 12. O-O Bb7 13. Rc1 Rc8 14. Nd4 a6 15. Bf3 Bd5 16. Bxd5 Nxd5 17. Nc6 Rxc6 18. Qxd5 Nb8 19. Qxd8 Rxd8 20. Ne5 Re6 21. f4 b5 22. Rfe1 Bxe5 23. Bxe5 Nc6 24. Bc3 Re4 25. a3 f5 26. Kf2 Kf7 27. Ke2 Ke6 28. Bb2 Rd6 29. Red1 Rxd1 30. Rxd1 Rc4 31. Kf3 Rc2 32. Bh8 Ra2 33. Rd3 Nb8 34. Rc3 Kd7 35. Rd3+ Ke6 36. Rc3 Kd7 37. Rb3 Nc6 38. Bb2 Kc7 39. e4 e6 40. Ke3 Kb6 41. exf5 exf5 42. Kf3 a5 43. Bf6 Rc2 44. bxa5+ Nxa5 45. Bd8+ Ka6 46. Rd3 Nc4 47. h3 Nd2+ 48. Ke3 Nc4+ 49. Kf3 Nd2+ 50. Ke3 Nc4+ 1/2-1/2

[Event "open"]
[Site "Kavala"]
[Date "2004.08.03"]
[Round "5"]
[White "Gelashvili, Tamaz"]
[Black "Skembris, Spyridon"]
[Result "1/2-1/2"]
[WhiteElo "2573"]
[BlackElo "2434"]
[PlyCount "216"]
[EventDate "2004.07.31"]
[Source "Roberto Alvarez"]
[SourceDate "2004.08.17"]

1. Nf3 d5 2. d4 Nf6 3. e3 c5 4. b3 Nc6 5. Bb2 cxd4 6. exd4 Bg4 7. Be2 e6 8. O-O Be7 9. Nbd2 O-O 10. c4 Rc8 11. h3 Bh5 12. a3 Ne4 13. Nxe4 dxe4 14. Ne5 Nxe5 15. dxe5 Qxd1 16. Bxd1 Bg6 17. Be2 Rfd8 18. Bc3 b6 19. b4 e3 20. Rad1 exf2+ 21. Kxf2 Bc2 22. Rxd8+ Rxd8 23. Rc1 Ba4 24. g3 f5 25. exf6 gxf6 26. Bg4 f5 27. Be2 Bg5 28. Rg1 Kf7 29. g4 Bh4+ 30. Kf3 Rg8 31. Be5 h5 32. Ke3 Bg5+ 33. Bf4 hxg4 34. hxg4 Bxf4+ 35. Kxf4 Kf6 36. Rh1 e5+ 37. Ke3 f4+ 38. Kf2 e4 39. b5 f3 40. Bf1 Rxg4 41. Rh6+ Rg6 42. Rh5 Rg5 43. Rh7 Rg7 44. Rh5 Bd1 45. c5 bxc5 46. Rxc5 Be2 47. Bh3 Rh7 48. Bc8 Rh2+ 49. Ke3 Bd3 50. Bg4 Re2+ 51. Kf4 Rb2 52. Bxf3 exf3 53. Rc6+ Ke7 54. Kxf3 Rb3 55. Rc7+ Ke6 56. Rxa7 Bxb5+ 57. Ke4 Bc6+ 58. Kd4 Kd6 59. Rh7 Rxa3 60. Rh6+ Kc7 61. Rg6 Kb6 62. Rg1 Ra4+ 63. Ke5 Re4+ 64. Kd6 Re2 65. Rb1+ Bb5 66. Rc1 Rd2+ 67. Ke5 Bc6 68. Rg1 Ba4 69. Rc1 Bc2 70. Ra1 Kc5 71. Ra5+ Kc4 72. Ke6 Rh2 73. Rg5 Kd4 74. Rd5+ Ke4 75. Re5+ Kf4 76. Re1 Be4 77. Kd6 Rh6+ 78. Kc5 Ke5 79. Rd1 Rc6+ 80. Kb4 Bd5 81. Re1+ Kd6 82. Re8 Rc4+ 83. Ka3 Kc5 84. Kb2 Kd4 85. Rh8 Rb4+ 86. Ka3 Rb6 87. Rh4+ Kc5 88. Rb4 Rh6 89. Rb8 Kd4 90. Kb2 Rh2+ 91. Ka1 Kc3 92. Rb2 Rh1+ 93. Rb1 Rh4 94. Rc1+ Kb3 95. Rb1+ Ka3 96. Rb2 Bb3 97. Ra2+ Kb4 98. Rg2 Rh7 99. Kb2 Ra7 100. Rd2 Bc4 101. Rc2 Rd7 102. Rh2 Rd1 103. Rg2 Rd3 104. Rf2 Ra3 105. Rd2 Bd3 106. Rf2 Rb3+ 107. Kc1 Kc3 108. Rc2+ Kd4 1/2-1/2

[Event "13. Salona"]
[Site "?"]
[Date "2005.12.11"]
[Round "4"]
[White "Dizdarevic Emir"]
[Black "Kovacevic Blazimir"]
[Result "1/2-1/2"]
[WhiteElo "2509"]
[BlackElo "2493"]
[PlyCount "33"]
[EventDate "2005.??.??"]
[Source "www.chesslib.no"]
[SourceDate "2004.05.04"]

1. d4 Nf6 2. Nf3 d5 3. e3 c5 4. dxc5 e6 5. c4 Bxc5 6. a3 O-O 7. Nc3 dxc4 8. Bxc4 Qxd1+ 9. Kxd1 Nbd7 10. Ke2 b6 11. b4 Be7 12. Bb2 Bb7 13. Rhd1 Rfc8 14. Bb5 Rc7 15. Rac1 Rac8 16. Bd3 a6 17. Nb1 1/2-1/2

[Event "EU-chT (Men)"]
[Site "Batumi"]
[Date "1999.12.01"]
[Round "3.1"]
[White "Claesen, Pieter"]
[Black "Atalik, Suat"]
[Result "1/2-1/2"]
[WhiteElo "2403"]
[BlackElo "2598"]
[PlyCount "31"]
[EventDate "1999.11.06"]
[Source "ChessBase"]
[SourceDate "2000.02.01"]

1. d4 d5 2. Nf3 Nf6 3. e3 g6 4. Bd3 Bg7 5. O-O O-O 6. b3 c5 7. Bb2 cxd4 8. exd4 Nc6 9. Ne5 Nxe5 10. dxe5 Ng4 11. Qe2 Qc7 12. f4 Qb6+ 13. Kh1 Ne3 14. Re1 Ng4 15. Rf1 Ne3 16. Re1 1/2-1/2

[Event "RUS-Cup03 (Geller mem)"]
[Site "Moscow"]
[Date "1999.02.14"]
[Round "5"]
[White "Vorotnikov, Vladislav V"]
[Black "Kobalija, Mihail"]
[Result "0-1"]
[WhiteElo "2463"]
[BlackElo "2537"]
[PlyCount "80"]
[EventDate "1999.02.10"]
[Source "ChessBase"]
[SourceDate "1999.06.08"]

1. Nf3 Nf6 2. d4 d5 3. e3 Bf5 4. Bd3 e6 5. Bxf5 exf5 6. Qd3 Qc8 7. c4 dxc4 8. Qxc4 Bd6 9. Nc3 c6 10. b4 O-O 11. b5 Nbd7 12. Bb2 Nb6 13. Qb3 a6 14. bxc6 Qxc6 15. O-O Nc4 16. Rfc1 Rac8 17. h3 Rc7 18. Ne5 Bxe5 19. dxe5 Nd7 20. Ne2 b5 21. Qc2 Nc5 22. Bd4 g6 23. Nc3 Ne6 24. Qb3 Re8 25. a4 b4 26. Ne2 a5 27. Rd1 Qa6 28. Qd3 Qb7 29. Nc1 Rd8 30. Nb3 Nb2 31. Bxb2 Rxd3 32. Rxd3 Rc2 33. Bd4 f4 34. Rad1 Qc6 35. Nxa5 Qxa4 36. Nb3 Qc6 37. Ra1 Qe4 38. Rad1 f3 39. g4 Ng5 40. R3d2 Nxh3+ 0-1

[Event "Thessaloniki ol (Men)"]
[Site "Thessaloniki GRE"]
[Date "1988.??.??"]
[Round "3"]
[White "Rubinetti, Jorge A"]
[Black "Ehlvest, Jaan"]
[Result "0-1"]
[WhiteElo "2415"]
[BlackElo "2585"]
[PlyCount "54"]
[EventDate "1988.11.??"]
[Source "www.chesslib.no"]
[SourceDate "2004.05.04"]

1. d4 d5 2. Nf3 Nf6 3. e3 g6 4. Be2 Bg7 5. O-O O-O 6. Nbd2 c5 7. dxc5 Qc7 8. c4 dxc4 9. Bxc4 Nbd7 10. Qe2 Nxc5 11. e4 Be6 12. Bxe6 Nxe6 13. Nb3 Rfd8 14. Re1 Ng4 15. h3 Ne5 16. Nxe5 Qxe5 17. Rb1 Rac8 18. Qe3 Qb5 19. Bd2 Rc2 20. Bc3 Rd3 21. Qxa7 Bxc3 22. bxc3 Qg5 23. Qb8+ Kg7 24. h4 Qxh4 25. g3 Qf6 26. Rf1 Rf3 27. Qa7 Qxc3 0-1

[Event "Zenica"]
[Site "Zenica BIH"]
[Date "1987.??.??"]
[Round "?"]
[White "Marjanovic, Slavoljub"]
[Black "Flear, Glenn C"]
[Result "1/2-1/2"]
[WhiteElo "2505"]
[BlackElo "2495"]
[PlyCount "121"]
[EventDate "1987.04.??"]
[Source "www.chesslib.no"]
[SourceDate "2004.05.04"]

1. d4 d5 2. Nf3 Nf6 3. e3 c6 4. Bd3 Bg4 5. Nbd2 Nbd7 6. c4 e6 7. b3 Be7 8. Bb2 O-O 9. Qc2 Bh5 10. Ne5 Qc7 11. h3 Rfc8 12. Rc1 Bd6 13. cxd5 cxd5 14. Bxh7+ Nxh7 15. Qxc7 Rxc7 16. Rxc7 Nxe5 17. Rc3 Nc6 18. g4 Bg6 19. Ke2 Nf6 20. f3 Re8 21. Rhc1 Bb4 22. Rxc6 bxc6 23. Rxc6 Rb8 24. h4 Bxd2 25. Kxd2 Bb1 26. Ra6 Rc8 27. Bc3 Rc7 28. a3 g6 29. Ba5 Rb7 30. Bb4 Ne8 31. Bc5 Rxb3 32. Rxa7 Rb8 33. a4 Ba2 34. g5 Bc4 35. e4 Rc8 36. Ke3 dxe4 37. fxe4 e5 38. Be7 exd4+ 39. Kxd4 Bf1 40. Ke5 Rc4 41. Kd5 Bd3 42. e5 Rc7 43. Rxc7 Nxc7+ 44. Kc6 Ne6 45. a5 Nd4+ 46. Kb6 Nf3 47. a6 Nxh4 48. a7 Be4 49. Kc7 Nf3 50. Kb8 Nxe5 51. a8=Q Bxa8 52. Kxa8 f5 53. gxf6 Kf7 54. Kb7 g5 55. Kb6 Nd7+ 56. Kb5 g4 57. Bd6 Kxf6 58. Kc4 Kf5 59. Kd3 Ne5+ 60. Bxe5 Kxe5 61. Ke3 1/2-1/2

[Event "Vienna op"]
[Site "Vienna"]
[Date "1986.??.??"]
[Round "?"]
[White "Klinger, Josef"]
[Black "Garcia Palermo, Carlos"]
[Result "0-1"]
[WhiteElo "2445"]
[BlackElo "2550"]
[PlyCount "96"]
[EventDate "1986.01.??"]
[Source "ChessBase"]

1. d4 d5 2. Nf3 Nf6 3. e3 g6 4. Bd3 Bg7 5. Nbd2 O-O 6. Ne5 Nc6 7. f4 Nb4 8. g4 Nxd3+ 9. cxd3 Ne8 10. g5 f6 11. Nef3 fxg5 12. Nxg5 c5 13. dxc5 e5 14. Nb3 exf4 15. exf4 Nf6 16. O-O Bg4 17. Qc2 h6 18. Nf3 Nh5 19. Nfd4 Bh3 20. Rf3 Qd7 21. Kh1 Rae8 22. Bd2 g5 23. Rg1 g4 24. Rf2 Qd8 25. Ne2 Kh8 26. Ng3 Nxg3+ 27. Rxg3 d4 28. Qc4 h5 29. c6 bxc6 30. Qc5 Qd5+ 31. Qxd5 cxd5 32. Rg1 Re3 33. Rg3 Rfe8 34. f5 Re2 35. Rxe2 Rxe2 36. Rg1 Be5 37. Re1 Rxh2+ 38. Kg1 Rg2+ 39. Kh1 Bg3 40. Re8+ Kg7 41. Re7+ Kf6 42. Re6+ Kf7 43. Be1 Rh2+ 44. Kg1 Rg2+ 45. Kh1 Bxe1 46. Rxe1 Rxb2 47. Nxd4 g3 48. Rg1 Rh2# 0-1